00443nam a2200169Ia 4500008004100000082001700041082001400058100001700072245003200089260003900121260000700160300000800167600001700175630003200192700001700224730003200241151121s9999||||xx |||||||||||||| ||und|| a823ред91/BLA bHNW-38328 aBlack Gavin a"You Want to die, Johnny ?" b"Collins Clear-Type Press, London" c-- a224 aBlack Gavin a"You Want to die, Johnny ?" aBlack Gavin a"You Want to die, Johnny ?"